00629nam a22002177a 450000500170000001000130001702000230003003500130005303700160006604000120008208200150009410000160010924500610012525000110018626000500019727000420024730000210028950000490031065000260035965000260038520170124110100.0 aB-007039 c00.00a00744634380 aB-007039 bCen Lib/Ret aDPLbEN a658.5bCHA aChary, S.N. aProduction and operations management /cby S.N. Chary a2nd ed aNew DelhibTata McGraw Hill Publishing c2000 a7,West Patel NagarbNew Delhie110008 a626p. c23cm(Hb) aIncludes bibliographical reference and index aProduction management aIndustrial management